000 00672nam a22002297a 4500
005 20170124105936.0
010 _a569606
020 _c02.50
035 _a569606
037 _bCen Lib/Ret
040 _aDPL
_bEN
082 _a230.33
_bSWA
100 _aSingh, B.K.
_972058
245 _aSwami Dayanand /
_bby B.K. Singh
260 _aNew Delhi
_bNational Book Trust
_c1970
270 _aA-5 Green Park
_bNew Delhi
_e110016
300 _avi,143p. :
_c17cm(Hb)
490 _aNational Biography Series
650 _aDayananda Sarasvati, -- Swami, -- 1824-1883
_982310
650 _aArya-Samaj -- Biography
_972060
942 _2ddc
_cEN
_h230.33
_mSWA
999 _c124224
_d124224